| 000 | 02140nam a2200361 a 4500 | ||
|---|---|---|---|
| 001 | 78042 | ||
| 003 | BD-RjUL | ||
| 005 | 20211209083100.0 | ||
| 008 | 210310s2010 bg ||||| m||| 00| 0 ben d | ||
| 035 | _a(BD-RjUL)78268 | ||
| 040 |
_aBD-RjUL _bben /eng _cBD-RjUL _dBD-RjUL |
||
| 041 | _aben | ||
| 082 |
_a297.27 _bISA 2010 _223 |
||
| 100 |
_aনূরুল ইসলাম, মো. আবু সাঈদ _9245815 |
||
| 245 | 1 | 0 |
_aঅপরাধ প্রবণতা প্রতিরোধে ইসলামের ভূমিকা : _bপ্রেক্ষিত বাংলাদেশ / _cআবু সাঈদ মো. নূরুল ইসলাম ; _6তত্ত্বাবধায়ক : মুহাম্মদ শফিকুল্লাহ |
| 260 |
_aরাজশাহী : _bইসলামিক ষ্টাডিজ বিভাগ, রাজশাহী বিশ্ববিদ্যালয়, _c২০১০ |
||
| 300 |
_a[৯], ২৯২ পাতা ; _c২৯ সেমি. |
||
| 502 | _aথিসিস (পিএইচ, ডি,) -- ইসলামিক ষ্টাডিজ বিভাগ, রাজশাহী বিশ্ববিদ্যালয়, ২০১০ | ||
| 504 | _aগ্রন্থপঞ্জী : পাতা [২৮৩-২৮৪]-২৯২ | ||
| 600 |
_a. _c . _9245895 |
||
| 650 |
_aইসলাম _zবাংলাদেশ _9245864 |
||
| 650 |
_aIslam _zBangladesh _9245865 |
||
| 650 |
_aমুসলিম _zবাংলাদেশ _9245866 |
||
| 650 |
_aMuslims _zBangladesh _9245867 |
||
| 650 |
_aসন্ত্রাসবাদ _xধর্মীয় দিক - ইসলাম _xইসলাম _9245868 |
||
| 650 |
_aTerrorism _zReligious aspects _xIslam _9245869 |
||
| 650 |
_aঅপরাধ প্রতিরোধ _9245870 |
||
| 650 |
_aCrime prevention _9245871 |
||
| 650 |
_aইসলাম এবং সামাজিক বিজ্ঞান _9245893 |
||
| 650 |
_aIslam and social sciences _9245894 |
||
| 700 |
_aশফিকুল্লাহ, মুহাম্মদ, তত্ত্বাবধায়ক _9124762 |
||
| 942 |
_2ddc _cTHE |
||
| 999 |
_c78042 _d78042 |
||